000 00446nam a22001697a 4500
003 NUST - PNEC
005 20170116181136.0
008 151007b xxu||||| |||| 00| 0 eng d
020 _a8121904218
040 _cLIBRARY
082 _a658.5 SHA
100 _914279
_a Sharma, P. C
245 _aA textbook of production engineering
_c P. C, Sharma
260 _cc 1982
650 _914280
_aProduction engineering
_xGeneral
942 _2ddc
_cBK
999 _c70219
_d70219